Obilniny našich predkov
Saved in:
| Main Author: | |
|---|---|
| Other Authors: | |
| Format: | Manuscript Book |
| Language: | Slovak |
| Published: |
2021
|
| Subjects: | |
| Online Access: | http://is.stuba.sk/zp/portal_zp.pl?podrobnosti=151190 |
| Tags: |
No Tags, Be the first to tag this record!
|
MARC
| LEADER | 00000ntm a22000003a 4500 | ||
|---|---|---|---|
| 001 | stuzp83844 | ||
| 003 | SK-STU | ||
| 005 | 20210626211114.9 | ||
| 007 | ta | ||
| 008 | 150427s2015----xo-----f-mn---000-0-slo-d | ||
| 040 | |a STU |b slo | ||
| 041 | 0 | |a slo | |
| 100 | 1 | |a Balážová, Laura |u 040250 |4 aut |U FCHPT Ústav potravinárstva a výživy |T FCHPT Oddelenie potravinárskej technológie |X 98958 |U C0250 |Y 685 |7 98958 | |
| 242 | 0 | 1 | |a Cereals of our Ancestors |y eng |
| 245 | 1 | 0 | |a Obilniny našich predkov |
| 260 | |c 2021 | ||
| 650 | 4 | |a obilniny |2 slo | |
| 650 | 4 | |a kamut |2 slo | |
| 650 | 4 | |a špalda |2 slo | |
| 650 | 4 | |a pohánka |2 slo | |
| 650 | 4 | |a cereálne výrobky |2 slo | |
| 650 | 4 | |a cereal products |2 eng | |
| 650 | 4 | |a spelt wheat |2 eng | |
| 650 | 4 | |a cereals |2 eng | |
| 650 | 4 | |a Khorasan wheat |2 eng | |
| 650 | 4 | |a buckwheat |2 eng | |
| 700 | 1 | |a Kohajdová, Zlatica |u 040250 |k Z1 |4 ths |U FCHPT Ústav potravinárstva a výživy |T FCHPT Oddelenie potravinárskej technológie |X 3953 |U C0250 |Y 685 |7 A000003953 | |
| 856 | 4 | |u http://is.stuba.sk/zp/portal_zp.pl?podrobnosti=151190 | |